01131cam a2200325 a 450000100090000000300040000900500170001300800410003001000170007102000150008802000180010302500340012103500220015503700630017704000190024004200100025904300210026905000230029008200220031310000260033524501030036126000420046430000210050650400510052752000920057865000380067065000280070865000400073665100290077613324983OSt20200616095842.0030623s2003 ii b 001 0 eng  a 2003331135 a8170337879 a9788170337874 aI-E-2003-331135; 68-13; 68-02 a(DLC) 2003331135 bLibrary of Congress -- New Delhi Overseas OfficecRs425.00 aDLCcoclcdDLC alcode aa-ii---an-us---00aDS422.C3bN35 2003 a305.800954bNAM/C aNamishray, Mohan Dass10aCaste and race :bcomparative study of BR Ambedkar and Martin Luther King /cMohan Dass Namishray. aJaipur :bRawat Publications,cc2003. a216 p. ;c23 cm. aIncludes bibliographical references and index. aOn comparing caste discrimination in India with racial discrimination in United States. 0aDalitszIndiaxGovernment policy. 0aSocial conflictzIndia. 0aRace discriminationzUnited States. 0aIndiaxEthnic relations.